000 00272cam a22000977a 4500
008 180718b1984 xxu||||| |||| 00| 0 eng d
082 _aF5x5433 In2
245 _aWhite paper on the Punjab agitation
260 _aDelhi
_bThe Controller of Publications
_c1984
300 _a170+p.
999 _c490556
_d490556